000 00347nam a2200145Ia 4500
008 100122s9999 xx 000 0 und d
082 _b66844
_a823
100 _aWHITE STEPHEN
245 _aTHE BEST REVENGE
260 _bTIME WARNER BOOKS
_c2003
300 _a479
630 _aTHE BEST REVENGE
730 _aTHE BEST REVENGE
942 _cBOOK
999 _c380656
_d380653